000 01020naa a2200301 c 4500
001 36933
003 ES-MaCES
005 20150929135552.0
008 060718n2006 sp t 000 | spa d
035 _aCES20060012070v
040 _aES-MaCES
_bspa
_cES-MaCES
100 1 _aGutiérrez de Terán Gómez-Benita, Ignacio
_914332
245 1 0 _aTurquía, la Unión Europea y los derechos humanos
650 4 _aTurquía
_926990
650 4 _aadhesión de miembros
_930972
650 4 _arelaciones internacionales
_926675
650 4 _agrupo étnico
_928524
650 4 _alibertad de expresión
_929879
650 4 _afuerzas armadas
_926689
650 4 _acondiciones sociales
_930469
650 4 _aderechos humanos
_927171
653 1 0 _aCiencias Sociales-Políticas
650 4 _926752
_aUE
773 0 _tHesperia culturas
_gn. 3 (en. 2006){55/1047 R. 064754}; p. 65-79
_w(ES-MaCES)25999
_979075
902 _aART Artículo de revista
942 _2CES
_cAR
_h7.0.
999 _c36933
_d36933